[Event "Hampstead op U2200 12"]
[Site "Hampstead"]
[Date "2013.12.21"]
[Round "1"]
[White "Fordham, Nicholas"]
[Black "Wigbout, Rod"]
[Result "1/2-1/2"]
[WhiteElo "1871"]
[BlackElo "1840"]
[PlyCount "103"]
[EventDate "2013.12.21"]
[EventType "swiss"]
[EventRounds "5"]
[EventCountry "ENG"]
[SourceTitle "EXT 2015"]
[Source "ChessBase"]
[SourceDate "2014.11.20"]
[SourceVersion "1"]
[SourceVersionDate "2014.11.20"]
[SourceQuality "1"]

1. e4 c5 2. d4 cxd4 3. c3 Nf6 4. e5 Nd5 5. Bc4 Nb6 6. Bb3 Nc6 7. Nf3 d5 8. exd6 e6 9. Nxd4 Nxd4 10. Qxd4 Qxd6 11. Be3 Bd7 12. Nd2 Bc6 13. Qxd6 Bxd6 14. Bxb6 axb6 15. 0-0 Ke7 16. Nc4 Bc7 17. Rfe1 Rhd8 18. Rad1 b5 19. Ne3 g6 20. a3 Rd6 21. Rxd6 Bxd6 22. Nd5+ Kf8 23. Nf6 h5 24. Ne4 Bxe4 25. Rxe4 Rd8 26. Rd4 Ke7 27. Kf1 g5 28. h3 Rd7 29. Ke1 Bf4 30. Rxd7+ Kxd7 31. Kd1 g4 32. hxg4 hxg4 33. Bc2 Kd6 34. Be4 b6 35. Bd3 Kc6 36. Kc2 f5 37. Kb3 Bd6 38. c4 bxc4+ 39. Bxc4 Kd7 40. Ka4 e5 41. Kb5 Bc5 42. f3 gxf3 43. gxf3 e4 44. fxe4 fxe4 45. a4 Kd6 46. Be2 e3 47. Bf3 Bd4 48. b4 Kc7 49. Kc4 Be5 50. Kd5 Bc3 51. a5 bxa5 52. bxa5 1/2-1/2

[Event "London Classic op"]
[Site "London"]
[Date "2011.12.10"]
[Round "8"]
[White "Cannon, Raymond Charles"]
[Black "Wigbout, Rod"]
[Result "1-0"]
[WhiteElo "2024"]
[BlackElo "1827"]
[PlyCount "139"]
[EventDate "2011.12.03"]
[EventType "swiss"]
[EventRounds "9"]
[EventCountry "ENG"]
[SourceTitle "CBM 145 Extra"]
[Source "ChessBase"]
[SourceDate "2012.01.03"]
[SourceVersion "1"]
[SourceVersionDate "2012.01.03"]
[SourceQuality "1"]

1. e4 c5 2. Nf3 d6 3. Nc3 Nf6 4. e5 dxe5 5. Nxe5 Nbd7 6. Nc4 e6 7. Be2 Nb6 8. b3 Be7 9. 0-0 0-0 10. Bf3 Nbd5 11. Ne3 Nxc3 12. dxc3 Qc7 13. c4 Rd8 14. Qe2 Bd7 15. Bb2 Bc6 16. Ng4 Bxf3 17. Qxf3 Nxg4 18. Qxg4 Bf8 19. Rae1 Rd2 20. Qe4 Rad8 21. Bc3 R2d7 22. Re3 Rd1 23. Rh3 g6 24. Qh4 h5 25. Qf6 R1d4 26. Bxd4 Rxd4 27. Rd3 Bg7 28. Qf3 b6 29. Rfd1 Kf8 30. a4 Ke7 31. c3 Rxd3 32. Qxd3 Be5 33. h3 Qd6 34. Qxd6+ Bxd6 35. Kf1 a5 36. Ke2 Kd7 37. g4 hxg4 38. hxg4 Ke7 39. Rd3 f5 40. gxf5 gxf5 41. Rh3 Be5 42. Rh7+ Kd6 43. Kd3 Kc6 44. Rh3 Bf4 45. Ke2 Kd6 46. Rd3+ Ke7 47. Kf3 Be5 48. Kg2 Bd6 49. Kh3 Be5 50. Kh4 Bf4 51. Kh5 Be5 52. Kg5 Bc7 53. Rh3 Kd6 54. Rh8 Ke5 55. Rc8 Bd6 56. Rc6 Be7+ 57. Kg6 Bh4 58. f4+ Kxf4 59. Rxe6 Kg4 60. Rxb6 Be1 61. Rb5 Bxc3 62. Rxc5 f4 63. Rg5+ Kh3 64. Rf5 Kg3 65. c5 Bd4 66. c6 Bb6 67. Rf7 f3 68. c7 Bxc7 69. Rxc7 f2 70. Rf7 1-0

[Event "London Classic op"]
[Site "London"]
[Date "2011.12.08"]
[Round "6"]
[White "Miu, Marinel"]
[Black "Wigbout, Rod"]
[Result "0-1"]
[WhiteElo "1609"]
[BlackElo "1827"]
[PlyCount "128"]
[EventDate "2011.12.03"]
[EventType "swiss"]
[EventRounds "9"]
[EventCountry "ENG"]
[SourceTitle "CBM 145 Extra"]
[Source "ChessBase"]
[SourceDate "2012.01.03"]
[SourceVersion "1"]
[SourceVersionDate "2012.01.03"]
[SourceQuality "1"]

1. d4 Nf6 2. h3 c5 3. d5 d6 4. c4 e6 5. Nc3 exd5 6. cxd5 g6 7. Bg5 Bg7 8. e3 0-0 9. Bd3 a6 10. a4 Nbd7 11. Nf3 Re8 12. a5 b6 13. Bf4 Qc7 14. axb6 Nxb6 15. 0-0 Nfxd5 16. Nxd5 Nxd5 17. Bxg6 Nxf4 18. Bxh7+ Kxh7 19. Ng5+ Kg8 20. exf4 Bf5 21. Ra3 Qe7 22. Rg3 Rab8 23. b3 Qf6 24. Qd5 Kf8 25. Qc6 Bg6 26. Qxa6 Qxf4 27. Rd1 Be5 28. Nf3 Red8 29. Rg4 Qf6 30. Qa5 Bh5 31. Nxe5 Qxe5 32. Re1 Qf6 33. Rg3 Re8 34. Rge3 Rxe3 35. Rxe3 Re8 36. Rd3 Bg6 37. Rf3 Qe6 38. Re3 Qd5 39. Rf3 Kg8 40. Qa1 Qe5 41. Qa4 Re6 42. Qh4 Kg7 43. Qa4 Rf6 44. Re3 Qf4 45. Qa2 Re6 46. Qa1+ Qf6 47. Rc3 Re2 48. Qf1 Qxc3 49. Qxe2 Qxb3 50. Qd2 d5 51. h4 Qc4 52. Qa5 f6 53. Qd2 Qe4 54. Qa2 c4 55. Qa7+ Bf7 56. h5 Qe1+ 57. Kh2 Qe5+ 58. Kg1 Qxh5 59. Qc7 Qe5 60. Qc8 Qf4 61. g3 Qe4 62. Qc6 Qe1+ 63. Kg2 c3 64. Qa4 Qe4+ 0-1

[Event "London Classic op"]
[Site "London"]
[Date "2011.12.06"]
[Round "4"]
[White "Mareckova, Martina"]
[Black "Wigbout, Rod"]
[Result "1-0"]
[WhiteElo "2123"]
[BlackElo "1827"]
[PlyCount "47"]
[EventDate "2011.12.03"]
[EventType "swiss"]
[EventRounds "9"]
[EventCountry "ENG"]
[SourceTitle "CBM 145 Extra"]
[Source "ChessBase"]
[SourceDate "2012.01.03"]
[SourceVersion "1"]
[SourceVersionDate "2012.01.03"]
[SourceQuality "1"]

1. e4 c5 2. Nc3 e6 3. g3 d5 4. Bg2 d4 5. Nce2 Nc6 6. d3 e5 7. f4 Bd6 8. Nf3 Nf6 9. h3 b5 10. 0-0 0-0 11. a4 b4 12. b3 a5 13. f5 h6 14. g4 Nh7 15. Qe1 Be7 16. Qg3 Bb7 17. Kh1 Re8 18. Bd2 Bg5 19. Nxg5 Nxg5 20. h4 Nh7 21. g5 hxg5 22. hxg5 Qe7 23. Rf2 Bc8 24. Bf3 1-0

[Event "London Classic op"]
[Site "London"]
[Date "2011.12.05"]
[Round "3"]
[White "Wigbout, Rod"]
[Black "Lenier, Jude"]
[Result "1-0"]
[WhiteElo "1827"]
[BlackElo "2030"]
[PlyCount "91"]
[EventDate "2011.12.03"]
[EventType "swiss"]
[EventRounds "9"]
[EventCountry "ENG"]
[SourceTitle "CBM 145 Extra"]
[Source "ChessBase"]
[SourceDate "2012.01.03"]
[SourceVersion "1"]
[SourceVersionDate "2012.01.03"]
[SourceQuality "1"]

1. d4 Nf6 2. c4 c5 3. d5 e6 4. Nc3 exd5 5. cxd5 d6 6. e4 g6 7. Bd3 Bg7 8. h3 a6 9. a4 Nbd7 10. Nf3 Nh5 11. 0-0 Ne5 12. Nxe5 Bxe5 13. f4 Bd4+ 14. Kh2 Qh4 15. Qf3 Nf6 16. Bd2 Ng4+ 17. Kh1 Nf2+ 18. Kh2 g5 19. Be1 Ng4+ 20. Qxg4 Qxg4 21. hxg4 h5 22. f5 hxg4+ 23. Kg3 Be5+ 24. Kxg4 Rh2 25. Kf3 g4+ 26. Kxg4 Rxg2+ 27. Kf3 Rxb2 28. Ra3 Bd7 29. Rg1 0-0-0 30. Rg2 Rb4 31. a5 Rh8 32. Ne2 Rh3+ 33. Bg3 c4 34. Bc2 Rb2 35. Bd1 Rd2 36. Kg4 Rxg3+ 37. Rgxg3 Bxg3 38. Kxg3 Rxd1 39. Kf3 Bb5 40. Kf4 Kc7 41. Nc3 Rd3 42. Nxb5+ axb5 43. Rxd3 cxd3 44. Ke3 Kd7 45. Kxd3 Ke7 46. Kc3 1-0

[Event "London Classic op"]
[Site "London"]
[Date "2011.12.04"]
[Round "2"]
[White "Frank Nielsen, Marie"]
[Black "Wigbout, Rod"]
[Result "1/2-1/2"]
[WhiteElo "2015"]
[BlackElo "1827"]
[PlyCount "60"]
[EventDate "2011.12.03"]
[EventType "swiss"]
[EventRounds "9"]
[EventCountry "ENG"]
[SourceTitle "CBM 145 Extra"]
[Source "ChessBase"]
[SourceDate "2012.01.03"]
[SourceVersion "1"]
[SourceVersionDate "2012.01.03"]
[SourceQuality "1"]

1. c4 c5 2. g3 g6 3. Bg2 Bg7 4. Nc3 Nc6 5. a3 e5 6. b4 d6 7. Rb1 Nf6 8. d3 h6 9. e3 Qe7 10. Nge2 0-0 11. 0-0 Bf5 12. b5 Nd8 13. e4 Bg4 14. h3 Bxe2 15. Nxe2 Ne6 16. a4 Qc7 17. Bd2 Kh7 18. f4 Nd7 19. f5 Nd4 20. g4 Nxe2+ 21. Qxe2 g5 22. Kf2 Kh8 23. Rh1 Bf6 24. Rbg1 a6 25. h4 Kg7 26. h5 axb5 27. axb5 Ra2 28. Ra1 Rfa8 29. Rxa2 Rxa2 30. Rb1 b6 1/2-1/2

[Event "Coulsdon Jessie Gilbert"]
[Site "Coulsdon"]
[Date "2010.08.27"]
[Round "7"]
[White "Campbell, Eoin S"]
[Black "Wigbout, Rod"]
[Result "1/2-1/2"]
[WhiteElo "1915"]
[BlackElo "1696"]
[PlyCount "64"]
[EventDate "2010.08.21"]
[EventType "swiss"]
[EventRounds "9"]
[EventCountry "ENG"]
[SourceTitle "CBM 138 Extra"]
[Source "ChessBase"]
[SourceDate "2010.10.29"]
[SourceVersion "1"]
[SourceVersionDate "2010.10.29"]
[SourceQuality "1"]

1. Nf3 c5 2. c4 Nc6 3. g3 g6 4. Bg2 Bg7 5. 0-0 e5 6. Nc3 Nge7 7. d3 0-0 8. Bg5 f6 9. Bd2 d6 10. Ne1 Be6 11. Nc2 d5 12. cxd5 Nxd5 13. Nxd5 Bxd5 14. Bxd5+ Qxd5 15. Ne3 Qe6 16. Bc3 Rfd8 17. Qa4 a6 18. Qc4 Qxc4 19. dxc4 b5 20. Rfd1 Nd4 21. Bxd4 Rxd4 22. Nd5 bxc4 23. e3 Rd3 24. Nb6 Rad8 25. Rdc1 e4 26. Rxc4 f5 27. Na4 Rd2 28. Rb1 Re2 29. Rxc5 Rdd2 30. Rc8+ Kf7 31. Rc7+ Kg8 32. Rc8+ Kf7 1/2-1/2